Jornadas sobre restauración y conservación de monumentos (Record no. 13109)

MARC details
000 -LEADER
campo de control de longitud fija 00877nam a2200229 i 4500
001 - NÚMERO DE CONTROL
campo de control 13109
003 - IDENTIFICADOR DE NÚMERO DE CONTROL
campo de control ES-MaACL
005 - FECHA Y HORA DE LA ÚLTIMA TRANSACCIÓN
campo de control 20230906150508.0
007 - CAMPO FIJO DE DESCRIPCIÓN FÍSICA--INFORMACIÓN GENERAL
campo de control de longitud fija t|
008 - DATOS DE LONGITUD FIJA--INFORMACIÓN GENERAL
campo de control de longitud fija 971209s1991 sp ||||1| spa d
020 ## - NÚMERO INTERNACIONAL ESTÁNDAR DEL LIBRO
Número Internacional Estándar del Libro 84-7483-793-6
080 ## - NÚMERO DE LA CLASIFICACIÓN DECIMAL UNIVERSAL
Número de la Clasificación Decimal Universal 72.025.4(063)
111 2# - ENTRADA PRINCIPAL--NOMBRE DE CONGRESO/REUNIÓN
Nombre de congreso/reunión o jurisdicción como elemento de entrada Jornadas sobre Restauración y Conservación de Monumentos (
Fecha del congreso o de la firma del tratado 1989.
Sede del congreso/Lugar de la reunión Madrid)
9 (RLIN) 891
245 10 - MENCIÓN DEL TÍTULO
Título Jornadas sobre restauración y conservación de monumentos
Resto del título : Madrid, 24 y 25 de abril de 1989.
250 ## - MENCION DE EDICION
Mención de edición [1ª ed.].
260 ## - PUBLICACIÓN, DISTRIBUCIÓN, ETC.
Lugar de publicación, distribución, etc. Madrid :
Nombre del editor, distribuidor, etc. Instituto de Conservación y Restauración de Bienes Culturales,
Fecha de publicación, distribución, etc. 1991.
300 ## - DESCRIPCIÓN FÍSICA
Extensión 203 p. :
Otras características físicas il. ;
Dimensiones 30 cm.
504 ## - NOTA DE BIBLIOGRAFÍA, ETC.
Nota de bibliografía, etc. Bibliografía.
650 14 - PUNTO DE ACCESO ADICIONAL DE MATERIA--TÉRMINO DE MATERIA
Término de materia o nombre geográfico como elemento de entrada Monumentos-
Subdivisión general Restauración-
Subdivisión de forma Congresos y asambleas.
9 (RLIN) 15184
710 2# - ENTRADA AGREGADA--NOMBRE DE ENTIDAD CORPORATIVA
Nombre de entidad corporativa o nombre de jurisdicción como elemento de entrada Instituto de Conservación y Restauración de Bienes Culturales (España)
9 (RLIN) 4845
852 ## - LOCALIZACIÓN
Ubicación ES-MaACL
Número de control de estantería L-20421
Sublocalización o colección R.120327
Holdings
Estatus retirado Estado de pérdida Estado de daño No para préstamo Biblioteca de origen Biblioteca actual Ubicación en estantería Fecha de adquisición Fuente de adquisición Total de préstamos Signatura topográfica completa Código de barras Visto por última vez Precio de reemplazo Tipo de ítem Koha
        Biblioteca del Ateneo de Madrid Biblioteca del Ateneo de Madrid Depósito 2 17/01/2008     L-20421 1013349 23/02/2023 23/02/2023 Libro impreso